| 000 | 00505nam a22001817a 4500 | ||
|---|---|---|---|
| 005 | 20141125113822.0 | ||
| 010 | _aENG-111280 | ||
| 020 |
_a9789350096314 _c350.00 |
||
| 035 | _aEN-94812 | ||
| 037 | _bDBAD/PUB | ||
| 082 | _aS | ||
| 100 | _aVithal Rajan | ||
| 245 |
_aThe legend of Ramulamma / _cby Vithal Rajan |
||
| 260 |
_aGurgaon _bHachette Book Publishing _c2014 |
||
| 270 |
_a4th/5th Floors, Corporate Center, Sec. 44 _bGurgaon _e122003 |
||
| 300 |
_a191p. _c22cm(pbk) |
||
| 942 |
_2ddc _cEN _mVIT _hS |
||
| 999 |
_c90133 _d90133 |
||